[Event "World Rapid Team 2023"]
[Site "Dusseldorf GER"]
[Date "2023.08.27"]
[Round "5.5"]
[Board "1"]
[White "Huschenbeth, Niclas"]
[Black "Krastev, Alexander"]
[Result "1-0"]
[WhiteTitle "GM"]
[BlackTitle "IM"]
[WhiteElo "2603"]
[BlackElo "2411"]
[WhiteTeam "Berlin Chess Federation"]
[BlackTeam "Schachverein Hemer"]
[WhiteFideId "24604747"]
[BlackFideId "12989983"]
[EventDate "2023.08.26"]

1. d4 Nf6 2. Nf3 e6 3. Bf4 b6 4. e3 Bb7 5. Bd3 d6 6. h3 Nbd7 7. O-O Qe7 8. Bh2
g6 9. a4 a6 10. c4 Bg7 11. Nc3 O-O 12. a5 c5 13. Be2 cxd4 14. Nxd4 bxa5 15. Nb3
Ne5 16. Nxa5 Rfd8 17. b4 Ne4 18. Nxe4 Bxe4 19. Qd2 Rac8 20. Rac1 h5 21. f3 Ba8
22. Rfd1 g5 23. e4 g4 24. hxg4 hxg4 25. f4 Bh6 26. Qe3 Ng6 27. Rf1 Rb8 28. Bxg4
Qh4 29. Qe2 Rxb4 30. Rcd1 Qe7 31. Bh5 Qc7 32. f5 exf5 33. Rxf5 Qa7+ 34. Kh1 Qe7
35. e5 dxe5 36. Rdf1 Rf8 37. Qg4 Qh4 38. Qxh4 Nxh4 39. Bxf7+ Kh7 40. R5f2 Be3
41. Re2 Bf4 42. Bd5 Bxd5 43. cxd5 Nf5 44. g3 Bh6 45. Ref2 Kg6 46. Nc6 Rb7 47. g4
Ne3 48. Nxe5+ Kg5 49. Rxf8 Bxf8 50. Rxf8 Rb1+ 51. Bg1 Nxd5 52. Rf5+ Kh6 53. Nf7+
Kg7 54. Rxd5 Kxf7 55. Kg2 Ra1 56. Bb6 Ke6 57. Ra5 Rc1 58. Be3 Rc6 59. Kf3 Kf6
60. Rh5 Kg7 61. Rd5 Kg6 62. Rd7 Rf6+ 63. Kg3 a5 64. Ra7 Re6 65. Bf4 1-0

[Event "World Rapid Team 2023"]
[Site "Dusseldorf GER"]
[Date "2023.08.27"]
[Round "5.5"]
[Board "2"]
[White "Bagrationi, Alexander"]
[Black "Rabiega, Robert"]
[Result "1-0"]
[WhiteTitle "GM"]
[BlackTitle "GM"]
[WhiteElo "2440"]
[BlackElo "2468"]
[WhiteTeam "Schachverein Hemer"]
[BlackTeam "Berlin Chess Federation"]
[WhiteFideId "14104954"]
[BlackFideId "4601475"]
[EventDate "2023.08.26"]

1. d4 d5 2. Nf3 Nf6 3. g3 Bf5 4. Bg2 c6 5. O-O h6 6. a4 e6 7. a5 Bd6 8. Bf4 O-O
9. c3 Ne4 10. Nbd2 Qc7 11. Bxd6 Nxd6 12. b4 Nd7 13. Nb3 b6 14. Nfd2 Rac8 15. f3
c5 16. bxc5 bxc5 17. e4 Bg6 18. Qe2 dxe4 19. fxe4 e5 20. Bh3 exd4 21. cxd4 cxd4
22. e5 d3 23. Qe3 Nb5 24. Rac1 Nc3 25. Rxc3 Qxc3 26. Bxd7 Rcd8 27. e6 fxe6 28.
Bxe6+ Kh7 29. Rxf8 Rxf8 30. Qxa7 Qe5 31. Bh3 h5 32. Qd4 Qb5 33. Bf1 Rf6 34. Qc5
Qd7 35. Nd4 h4 36. N4f3 hxg3 37. hxg3 Qg4 38. Qg5 Qxg5 39. Nxg5+ Kh6 40. Ngf3
Ra6 41. Nb3 Be4 42. Nfd2 Bg6 43. Kf2 Re6 44. Nd4 Rd6 45. Ke3 Rd5 46. Nc4 Rg5 47.
a6 Rxg3+ 48. Kd2 Be4 49. Nd6 1-0

[Event "World Rapid Team 2023"]
[Site "Dusseldorf GER"]
[Date "2023.08.27"]
[Round "5.5"]
[Board "3"]
[White "Baskin, Robert"]
[Black "Voicu-Jagodzinsky, Carmen"]
[Result "1-0"]
[WhiteTitle "IM"]
[BlackTitle "WGM"]
[WhiteElo "2451"]
[BlackElo "2264"]
[WhiteTeam "Berlin Chess Federation"]
[BlackTeam "Schachverein Hemer"]
[WhiteFideId "24662402"]
[BlackFideId "1206729"]
[EventDate "2023.08.26"]

1. e4 c5 2. Nf3 Nc6 3. d4 cxd4 4. Nxd4 e5 5. Nb5 d6 6. N1c3 a6 7. Na3 Be7 8. Be3
Nf6 9. Nc4 b5 10. Nb6 Rb8 11. Nxc8 Qxc8 12. Be2 O-O 13. O-O b4 14. Nd5 Nxe4 15.
c3 Bd8 16. Rc1 b3 17. axb3 f5 18. f3 Ng5 19. f4 Ne4 20. Bf3 Nc5 21. Nb4 Ne7 22.
Qxd6 Nxb3 23. Bd5+ Nxd5 24. Qxd5+ Kh8 25. Qxb3 a5 26. fxe5 f4 27. Rxf4 Rxf4 28.
Bxf4 Qc5+ 29. Kh1 axb4 30. cxb4 Qd4 31. Qf7 Bb6 32. e6 Ra8 33. e7 Qe4 34. Qf8+ 1-0

[Event "World Rapid Team 2023"]
[Site "Dusseldorf GER"]
[Date "2023.08.27"]
[Round "5.5"]
[Board "4"]
[White "Runte, Moritz"]
[Black "Lagunow, Raphael"]
[Result "0-1"]
[BlackTitle "IM"]
[WhiteElo "2185"]
[BlackElo "2413"]
[WhiteTeam "Schachverein Hemer"]
[BlackTeam "Berlin Chess Federation"]
[WhiteFideId "12991449"]
[BlackFideId "24652644"]
[EventDate "2023.08.26"]

1. e4 c5 2. Nf3 d6 3. d4 cxd4 4. Nxd4 Nf6 5. Nc3 a6 6. a4 g6 7. Be2 Bg7 8. O-O
Nc6 9. Be3 O-O 10. Nb3 Na5 11. e5 Ne8 12. Nxa5 Qxa5 13. Nd5 Qd8 14. Bg5 f6 15.
exf6 Nxf6 16. Bf3 e6 17. Nxf6+ Bxf6 18. Bxf6 Rxf6 19. Re1 Qc7 20. Qd4 e5 21.
Qd5+ Kg7 22. Ra3 Rb8 23. Rc3 Qe7 24. Rd1 Bf5 25. Qa5 Rc8 26. Rxc8 Bxc8 27. Qc3
Bf5 28. Qb4 e4 29. Be2 e3 30. f3 Bxc2 31. Rc1 Bf5 32. Qd4 Qe5 33. Rc7+ Rf7 34.
Rxf7+ Kxf7 35. Qxe5 dxe5 36. Bc4+ Ke7 37. b4 Kd6 38. Kf1 Be6 39. Bd3 Bd7 40. a5
Bb5 41. Ke2 Bxd3+ 42. Kxd3 Kd5 43. h4 e2 44. Kxe2 Kc4 0-1

[Event "World Rapid Team 2023"]
[Site "Dusseldorf GER"]
[Date "2023.08.27"]
[Round "5.5"]
[Board "5"]
[White "Paehtz, Elisabeth"]
[Black "Besou, Hussain"]
[Result "1/2-1/2"]
[WhiteTitle "GM"]
[BlackTitle "FM"]
[WhiteElo "2471"]
[BlackElo "2364"]
[WhiteTeam "Berlin Chess Federation"]
[BlackTeam "Schachverein Hemer"]
[WhiteFideId "4641833"]
[BlackFideId "16269950"]
[EventDate "2023.08.26"]

1. d4 Nf6 2. Nf3 d5 3. Bf4 c5 4. e3 Nc6 5. Nbd2 e6 6. c3 Nh5 7. Bg5 f6 8. Bh4 g6
9. Be2 cxd4 10. Nxd4 Ng7 11. N2f3 Be7 12. c4 O-O 13. cxd5 Bb4+ 14. Kf1 Qxd5 15.
a3 Be7 16. Nb5 Qxd1+ 17. Rxd1 Nf5 18. Bg3 Nxg3+ 19. hxg3 Rd8 20. Rxd8+ Nxd8 21.
Rh4 a6 22. Nc3 Bd7 23. Rd4 Be8 24. Bc4 Kg7 25. Ba2 Rc8 26. e4 Rc7 27. Rc4 Nc6
28. Nd4 Bd7 29. Nd5 exd5 30. exd5 Bd6 31. dxc6 bxc6 32. Rc2 c5 33. Ne6+ Bxe6 34.
Bxe6 Be5 35. Bc4 a5 36. b3 Rd7 37. Ke2 Bd4 38. g4 Kh6 39. Kf3 Kg5 40. Rd2 Rb7
41. a4 Rd7 42. g3 Rd8 43. Be2 Rb8 44. Bc4 Rd8 45. Be2 Rb8 46. Bc4 1/2-1/2

[Event "World Rapid Team 2023"]
[Site "Dusseldorf GER"]
[Date "2023.08.27"]
[Round "5.5"]
[Board "6"]
[White "Xue, Luka"]
[Black "Reichmann, Felix"]
[Result "1/2-1/2"]
[WhiteElo "1925"]
[BlackElo "1968"]
[WhiteTeam "Schachverein Hemer"]
[BlackTeam "Berlin Chess Federation"]
[WhiteFideId "16277252"]
[BlackFideId "16238290"]
[EventDate "2023.08.26"]

1. d4 Nf6 2. c4 g6 3. f3 Nc6 4. d5 Ne5 5. e4 d6 6. Nc3 Bg7 7. f4 Ned7 8. Nh3 e6
9. Be2 exd5 10. cxd5 O-O 11. O-O Nc5 12. Nf2 Re8 13. Bf3 a5 14. Be3 Bd7 15. Bxc5
dxc5 16. e5 Nh5 17. Bxh5 gxh5 18. Qxh5 c6 19. Rad1 Qe7 20. Nfe4 c4 21. Rf3 f5
22. Nd6 Rf8 23. Rh3 h6 24. Rg3 Kh8 25. Rg5 Rad8 26. Nxb7 Rb8 27. dxc6 Bxc6 28.
Nd6 Rxb2 29. Rg6 Be8 30. Nxe8 Rxe8 31. Rdd6 Qa7+ 32. Kh1 Reb8 33. Qxf5 R2b6 34.
Rd7 Qxd7 35. Qxd7 Rxg6 36. h3 Rb2 37. g4 Rgb6 38. Qc8+ Kh7 39. Qxc4 R6b4 40.
Qd3+ Kh8 41. Qd8+ Kh7 42. Qxa5 Rxf4 43. Qa6 Rf3 44. Qc4 Rxh3+ 45. Kg1 Rg3+ 46.
Kf1 Rf3+ 47. Kg1 Rg3+ 48. Kf1 Rf3+ 49. Kg1 1/2-1/2

[Event "World Rapid Team 2023"]
[Site "Dusseldorf GER"]
[Date "2023.08.27"]
[Round "5.6"]
[Board "1"]
[White "Orlov, Andrey"]
[Black "Dominguez Perez, Leinier"]
[Result "0-1"]
[WhiteTitle "GM"]
[BlackTitle "GM"]
[WhiteElo "2503"]
[BlackElo "2739"]
[WhiteTeam "Duesseldorfer Schachklub 1914/25 e.V."]
[BlackTeam "Chess Pensioners"]
[WhiteFideId "4125282"]
[BlackFideId "3503240"]
[EventDate "2023.08.26"]

1. e4 e5 2. Nf3 Nc6 3. Bc4 Bc5 4. O-O Nf6 5. d3 d6 6. Be3 Bxe3 7. fxe3 O-O 8.
Nc3 Na5 9. Bb3 c6 10. Qe1 b5 11. h3 Bd7 12. Nh4 g6 13. Rf3 Nxb3 14. axb3 a5 15.
Qf2 Nh5 16. g4 Ng7 17. Ng2 Qe7 18. Qg3 b4 19. Nb1 c5 20. Nd2 a4 21. bxa4 Bxa4
22. b3 Bc6 23. Raf1 Ra2 24. Ne1 Bb5 25. R3f2 Ra1 26. Nef3 Rxf1+ 27. Rxf1 Ra8 28.
Rf2 Ra1+ 29. Kh2 Rc1 30. Nf1 Ne6 31. h4 Qa7 32. Qg2 Ra1 33. Ng3 Qe7 34. Nf5 gxf5
35. gxf5+ Ng7 36. Qg4 f6 37. Rg2 Qf7 38. h5 h6 39. Nh4 Kh7 40. Ng6 Ra7 41. Qh4
Bc6 42. Qg4 Ra8 43. Qh4 Rg8 44. Qg4 Ne8 45. Rg1 Nc7 46. Ra1 Ra8 47. Rg1 d5 48.
exd5 Nxd5 49. e4 Nc7 50. Ne7 Bd7 51. Qg3 Qxh5+ 52. Kg2 Qg5 0-1

[Event "World Rapid Team 2023"]
[Site "Dusseldorf GER"]
[Date "2023.08.27"]
[Round "5.6"]
[Board "2"]
[White "Svidler, Peter"]
[Black "Berelowitsch, Alexander"]
[Result "1-0"]
[WhiteTitle "GM"]
[BlackTitle "GM"]
[WhiteElo "2688"]
[BlackElo "2492"]
[WhiteTeam "Chess Pensioners"]
[BlackTeam "Duesseldorfer Schachklub 1914/25 e.V."]
[WhiteFideId "4102142"]
[BlackFideId "14101440"]
[EventDate "2023.08.26"]

1. c4 e6 2. g3 d5 3. Bg2 d4 4. b4 g6 5. Nf3 Bg7 6. d3 Ne7 7. O-O O-O 8. Nbd2 a5
9. b5 a4 10. Ba3 Re8 11. Rb1 Nd7 12. Ne4 h6 13. e3 e5 14. exd4 exd4 15. Re1 Nf8
16. b6 Ra6 17. bxc7 Qxc7 18. Nc5 Ra5 19. Rb5 Rxb5 20. cxb5 Ne6 21. Ne4 Nd5 22.
Qxa4 Nc3 23. Qb3 Bd7 24. b6 Qb8 25. Nd6 Rd8 26. Ne5 Ba4 27. Qb4 Ng5 28. Nexf7
Nxf7 29. Nxf7 Rd7 30. Nd6 Kh7 31. Ne8 1-0

[Event "World Rapid Team 2023"]
[Site "Dusseldorf GER"]
[Date "2023.08.27"]
[Round "5.6"]
[Board "4"]
[White "Sadvakasov, Darmen"]
[Black "Meins, Gerlef"]
[Result "1-0"]
[WhiteTitle "GM"]
[BlackTitle "IM"]
[WhiteElo "2629"]
[BlackElo "2412"]
[WhiteTeam "Chess Pensioners"]
[BlackTeam "Duesseldorfer Schachklub 1914/25 e.V."]
[WhiteFideId "13700464"]
[BlackFideId "4620895"]
[EventDate "2023.08.26"]

1. e4 c5 2. Nf3 Nc6 3. Bb5 g6 4. Bxc6 dxc6 5. d3 Bg7 6. O-O Nf6 7. h3 Nd7 8.
Nbd2 Nf8 9. e5 f5 10. exf6 exf6 11. Ne4 Ne6 12. Be3 b6 13. Qd2 h6 14. Rfe1 Kf7
15. Bf4 Kg8 16. Nd6 Bd7 17. d4 cxd4 18. Nxd4 Nxf4 19. Qxf4 Kh7 20. Ne6 Qg8 21.
Nc7 Rd8 22. Re7 f5 23. Nf7 Qf8 24. Rae1 Bf6 25. Ng5+ 1-0

[Event "World Rapid Team 2023"]
[Site "Dusseldorf GER"]
[Date "2023.08.27"]
[Round "5.6"]
[Board "5"]
[White "Zatonskih, Anna"]
[Black "Houska, Jovanka"]
[Result "1-0"]
[WhiteTitle "IM"]
[BlackTitle "IM"]
[WhiteElo "2364"]
[BlackElo "2340"]
[WhiteTeam "Duesseldorfer Schachklub 1914/25 e.V."]
[BlackTeam "Chess Pensioners"]
[WhiteFideId "14101572"]
[BlackFideId "405094"]
[EventDate "2023.08.26"]

1. d4 d5 2. c4 e6 3. Nc3 Nf6 4. cxd5 exd5 5. Bg5 c6 6. e3 h6 7. Bh4 Be7 8. Bd3
O-O 9. Qc2 Ne8 10. Bg3 Nd6 11. Nf3 Be6 12. O-O Nd7 13. Rab1 a5 14. a3 Qc8 15.
Rfc1 Nf6 16. Na4 Qd8 17. h3 Nfe4 18. Bh2 Re8 19. Ne5 Bf8 20. f3 Nf6 21. Kh1 Nd7
22. Re1 Qe7 23. Nxd7 Bxd7 24. e4 b5 25. Nc5 Nc4 26. Qf2 Be6 27. exd5 cxd5 28.
Re2 Qf6 29. Rbe1 Bxc5 30. dxc5 Bd7 31. b3 Nxa3 32. Be5 Rxe5 33. Rxe5 a4 34. Qb2
axb3 35. Qxa3 1-0

[Event "World Rapid Team 2023"]
[Site "Dusseldorf GER"]
[Date "2023.08.27"]
[Round "5.7"]
[Board "1"]
[White "Caruana, Fabiano"]
[Black "Adly, Ahmed"]
[Result "1-0"]
[WhiteTitle "GM"]
[BlackTitle "GM"]
[WhiteElo "2782"]
[BlackElo "2596"]
[WhiteTeam "Kompetenzakademie Allstars"]
[BlackTeam "Africa"]
[WhiteFideId "2020009"]
[BlackFideId "10601619"]
[EventDate "2023.08.26"]

1. d4 Nf6 2. Bf4 d6 3. Nc3 Nbd7 4. Nf3 Nh5 5. Bg5 h6 6. Bh4 g5 7. Bg3 Bg7 8. e4
c5 9. d5 Qa5 10. Nd2 Bxc3 11. bxc3 Qxc3 12. Be2 Ndf6 13. O-O Nxg3 14. hxg3 g4
15. Rb1 h5 16. Rb3 Qe5 17. Nc4 Qd4 18. e5 Ne4 19. Bd3 h4 20. Qe1 Bf5 21. Bxe4
Bxe4 22. Nd2 Bxc2 23. exd6 e5 24. Re3 O-O-O 25. Ne4 Bd3 26. Qa5 Kb8 27. Qc7+ Ka8
28. Nxc5 Ba6 29. Nxa6 Qb6 30. Qxb6 axb6 31. Nc7+ Kb8 32. Ra3 1-0

[Event "World Rapid Team 2023"]
[Site "Dusseldorf GER"]
[Date "2023.08.27"]
[Round "5.7"]
[Board "2"]
[White "Bellahcene, Bilel"]
[Black "Aronian, Levon"]
[Result "0-1"]
[WhiteTitle "GM"]
[BlackTitle "GM"]
[WhiteElo "2515"]
[BlackElo "2742"]
[WhiteTeam "Africa"]
[BlackTeam "Kompetenzakademie Allstars"]
[WhiteFideId "696358"]
[BlackFideId "13300474"]
[EventDate "2023.08.26"]

1. e4 c5 2. Nf3 e6 3. d4 cxd4 4. Nxd4 Nc6 5. Nc3 Qc7 6. Be3 a6 7. a3 b5 8. Nxc6
dxc6 9. Qg4 e5 10. Qg3 h5 11. f4 h4 12. Qf2 Nf6 13. Be2 h3 14. f5 hxg2 15. Qxg2
a5 16. a4 b4 17. Nb1 Bb7 18. Nd2 O-O-O 19. b3 Nd5 20. exd5 cxd5 21. Bf2 e4 22.
Bd4 Kb8 23. Qf2 Be7 24. Kd1 Rc8 25. Rc1 Bf6 26. Bxf6 gxf6 27. Qd4 Rh3 28. Nf1
Rxb3 29. h4 Rc3 30. Ne3 Qe5 31. Qxe5+ fxe5 32. Ng4 d4 33. Rh2 d3 34. Nxe5 dxc2+
35. Ke1 b3 36. Nc4 R8xc4 0-1

[Event "World Rapid Team 2023"]
[Site "Dusseldorf GER"]
[Date "2023.08.27"]
[Round "5.7"]
[Board "4"]
[White "Zouaoui, Mohamed"]
[Black "Batsiashvili, Nino"]
[Result "0-1"]
[BlackTitle "GM"]
[WhiteElo "2168"]
[BlackElo "2474"]
[WhiteTeam "Africa"]
[BlackTeam "Kompetenzakademie Allstars"]
[WhiteFideId "5507588"]
[BlackFideId "13602993"]
[EventDate "2023.08.26"]

1. b3 e5 2. Bb2 Nc6 3. e3 d5 4. Bb5 Ne7 5. Nf3 e4 6. Nd4 a6 7. Nxc6 Nxc6 8.
Bxc6+ bxc6 9. Qh5 Be6 10. f4 exf3 11. Qxf3 Qg5 12. O-O Bd6 13. Nc3 O-O 14. Ne2
Bg4 15. Qf2 Bxh2+ 16. Kxh2 Qh5+ 17. Kg1 Bxe2 18. Qg3 Qg4 19. Qxg4 Bxg4 20. Rf4
Be6 21. Be5 Rfc8 22. b4 f6 23. Bd4 Kf7 24. a4 h5 25. d3 Bg4 26. a5 Ke6 27. Rc1
Rab8 28. Bc5 g5 29. Rf2 f5 30. Re1 h4 31. e4 dxe4 32. dxe4 f4 33. c4 Rd8 34. Rb2
Ra8 35. Ra1 Rd1+ 36. Rxd1 Bxd1 37. Bf2 Bh5 38. Be1 Be8 39. Kh2 Ke5 0-1

[Event "World Rapid Team 2023"]
[Site "Dusseldorf GER"]
[Date "2023.08.27"]
[Round "5.7"]
[Board "5"]
[White "Becker, Rainer"]
[Black "February, Jesse Nikki"]
[Result "1-0"]
[BlackTitle "WIM"]
[WhiteElo "2128"]
[BlackElo "1849"]
[WhiteTeam "Kompetenzakademie Allstars"]
[BlackTeam "Africa"]
[WhiteFideId "4664612"]
[BlackFideId "14312336"]
[EventDate "2023.08.26"]

1. c4 Nf6 2. Nf3 e6 3. Nc3 d5 4. d4 Be7 5. e3 O-O 6. Bd3 a6 7. O-O dxc4 8. Bxc4
b5 9. Be2 Bb7 10. a3 Nbd7 11. b4 Nb6 12. Ne5 Nbd5 13. Bb2 Nxc3 14. Bxc3 Ne4 15.
Rc1 f6 16. Nd3 a5 17. Nc5 Bxc5 18. bxc5 Qd7 19. Bb2 Bd5 20. f3 Ng5 21. e4 Bc6
22. Qb3 Kh8 23. Rfd1 b4 24. Qe3 Ba4 25. Rd2 Rab8 26. Bc4 Rfd8 27. e5 bxa3 28.
Bxa3 Re8 29. Bb2 Nf7 30. exf6 gxf6 31. Re1 Bb5 32. Bxe6 Qe7 33. d5 Ng5 34. Qf4
Qxc5+ 35. Bd4 Qf8 36. Bxf6+ 1-0

[Event "World Rapid Team 2023"]
[Site "Dusseldorf GER"]
[Date "2023.08.27"]
[Round "5.8"]
[Board "1"]
[White "Hagner, Bennet"]
[Black "Aravindh, Chithambaram VR."]
[Result "0-1"]
[WhiteTitle "FM"]
[BlackTitle "GM"]
[WhiteElo "2323"]
[BlackElo "2645"]
[WhiteTeam "Mitropa Chess Association"]
[BlackTeam "Six-pack"]
[WhiteFideId "16224477"]
[BlackFideId "5072786"]
[EventDate "2023.08.26"]

1. Nf3 d5 2. e3 Nf6 3. c4 e6 4. Nc3 c5 5. cxd5 exd5 6. d4 Nc6 7. Be2 Bg4 8. O-O
Rc8 9. h3 Bh5 10. b3 Bxf3 11. Bxf3 cxd4 12. exd4 Be7 13. Bg5 O-O 14. Bxf6 Bxf6
15. Nxd5 Bxd4 16. Rc1 Qh4 17. Rc4 b5 18. Rxc6 Rxc6 19. Ne7+ Qxe7 20. Bxc6 Rd8
21. Qf3 Qc5 22. a4 bxa4 23. Bxa4 g6 24. g3 Rd6 25. Kg2 Rf6 26. Qe2 Kg7 27. h4 h5
28. Qc4 Qb6 29. Qc2 Qb7+ 30. Kh2 Qf3 31. Qd1 Qxd1 32. Rxd1 Rxf2+ 33. Kh3 Bb6 34.
Rd3 Rc2 35. Bb5 f5 36. Rd7+ Kf6 37. Rd1 Bc5 38. Bc4 a5 39. Re1 a4 40. Re6+ Kg7
41. Re1 a3 42. Ra1 a2 43. b4 Bd4 0-1

[Event "World Rapid Team 2023"]
[Site "Dusseldorf GER"]
[Date "2023.08.27"]
[Round "5.8"]
[Board "2"]
[White "Mohammad, Nubairshah Shaikh"]
[Black "Caruso, Augusto"]
[Result "1-0"]
[WhiteTitle "IM"]
[WhiteElo "2430"]
[BlackElo "2103"]
[WhiteTeam "Six-pack"]
[BlackTeam "Mitropa Chess Association"]
[WhiteFideId "5053196"]
[BlackFideId "801763"]
[EventDate "2023.08.26"]

1. Nf3 Nf6 2. g3 c5 3. Bg2 Nc6 4. c4 d5 5. O-O e5 6. cxd5 Nxd5 7. Nc3 Nxc3 8.
bxc3 Be7 9. d3 O-O 10. Rb1 Qc7 11. Nd2 a6 12. Nc4 Be6 13. Nb6 Rad8 14. Qa4 Na7
15. c4 Rd6 16. Na8 Rxa8 17. Rxb7 Qd8 18. Rxe7 Qxe7 19. Bxa8 Bd7 20. Qa5 Nc6 21.
Qxc5 Qf6 22. Ba3 1-0

[Event "World Rapid Team 2023"]
[Site "Dusseldorf GER"]
[Date "2023.08.27"]
[Round "5.8"]
[Board "3"]
[White "Dordevic, Tom"]
[Black "Karthik, Venkataraman"]
[Result "0-1"]
[BlackTitle "GM"]
[WhiteElo "1998"]
[BlackElo "2562"]
[WhiteTeam "Mitropa Chess Association"]
[BlackTeam "Six-pack"]
[WhiteFideId "16260503"]
[BlackFideId "25006479"]
[EventDate "2023.08.26"]

1. d4 e6 2. Nf3 c5 3. c4 cxd4 4. Nxd4 Nf6 5. Nc3 d5 6. g3 e5 7. Nf3 d4 8. Nxe5
dxc3 9. Qxd8+ Kxd8 10. Nxf7+ Ke8 11. Nxh8 cxb2 12. Bxb2 Bb4+ 13. Kd1 Nc6 14. Bg2
Bf5 15. e4 Nxe4 16. Ke2 Kf8 17. a3 Ba5 18. Bxe4 Bxe4 19. Rhd1 Re8 20. Kf1 Kg8
21. Rd7 Ne7 22. Bd4 Bc6 23. Rd6 Nf5 24. Rxc6 bxc6 25. Bxa7 Nd6 26. Ng6 hxg6 27.
Rc1 Re4 28. c5 Nc4 29. Kg2 Nxa3 30. Ra1 Bb4 31. Rd1 Nb5 32. Rd8+ Kf7 33. Bb6 g5
34. h3 Bc3 35. Kf3 Re6 36. Kg4 Bf6 37. Rd7+ Re7 38. Rxe7+ Bxe7 39. f4 gxf4 40.
Kxf4 Nd4 41. g4 Ne6+ 42. Ke5 Nxc5 43. Bc7 Nd7+ 44. Kf5 g6+ 45. Kf4 Ke6 46. Ba5
c5 47. Bc3 Nb6 48. Bh8 Nd5+ 49. Ke4 Bf6 50. Bxf6 Nxf6+ 51. Kd3 Kd5 0-1

[Event "World Rapid Team 2023"]
[Site "Dusseldorf GER"]
[Date "2023.08.27"]
[Round "5.8"]
[Board "4"]
[White "Pranesh, M"]
[Black "Peglau, Charis"]
[Result "1-0"]
[WhiteTitle "GM"]
[BlackTitle "WFM"]
[WhiteElo "2503"]
[BlackElo "2094"]
[WhiteTeam "Six-pack"]
[BlackTeam "Mitropa Chess Association"]
[WhiteFideId "35028600"]
[BlackFideId "16219996"]
[EventDate "2023.08.26"]

1. e4 e5 2. Nf3 d6 3. d4 exd4 4. Nxd4 Nf6 5. Nc3 Be7 6. Rg1 Nc6 7. g4 Nxd4 8.
Qxd4 c5 9. Qd1 Be6 10. g5 Nd7 11. f4 f5 12. gxf6 Bxf6 13. Qxd6 Bh4+ 14. Kd1 Qf6
15. f5 Bf7 16. Qxf6 Bxf6 17. Nd5 Bxd5 18. exd5 O-O-O 19. c4 Rhe8 20. Bg5 Bxb2
21. Rb1 Bd4 22. Rg3 Nf6 23. Ra3 a6 24. Rb6 Rd7 25. Re6 Rde7 26. d6 Rxe6 27. fxe6
Rxe6 28. Bh3 Kd7 29. Rb3 Kxd6 30. Rb6+ 1-0

[Event "World Rapid Team 2023"]
[Site "Dusseldorf GER"]
[Date "2023.08.27"]
[Round "5.8"]
[Board "5"]
[White "Peglau, Dora"]
[Black "Priyanka, Nutakki"]
[Result "0-1"]
[BlackTitle "WGM"]
[WhiteElo "2052"]
[BlackElo "2283"]
[WhiteTeam "Mitropa Chess Association"]
[BlackTeam "Six-pack"]
[WhiteFideId "16220005"]
[BlackFideId "25049615"]
[EventDate "2023.08.26"]

1. d4 d5 2. c4 e6 3. Nc3 Nf6 4. Nf3 a6 5. cxd5 exd5 6. Bg5 Be6 7. e3 Nbd7 8. Be2
Bd6 9. O-O c6 10. Rb1 Qc7 11. Bh4 Ne4 12. Qc2 f5 13. b4 O-O 14. a4 Ndf6 15. Bg3
f4 16. Bxf4 Bxf4 17. exf4 Qxf4 18. b5 cxb5 19. Nxe4 dxe4 20. Qd2 Nd5 21. g3 Qxd2
22. Nxd2 Nc3 23. Rbe1 Bh3 24. axb5 axb5 25. Nb3 b6 0-1

[Event "World Rapid Team 2023"]
[Site "Dusseldorf GER"]
[Date "2023.08.27"]
[Round "5.8"]
[Board "6"]
[White "Dinesh, Rajan M"]
[Black "Peglau, Paul David"]
[Result "1-0"]
[WhiteElo "1904"]
[BlackElo "1768"]
[WhiteTeam "Six-pack"]
[BlackTeam "Mitropa Chess Association"]
[WhiteFideId "35060600"]
[BlackFideId "16290550"]
[EventDate "2023.08.26"]

1. e4 e6 2. d4 d5 3. Nc3 Bb4 4. e5 c5 5. Bd2 cxd4 6. Nb5 Bxd2+ 7. Qxd2 Nc6 8.
Nf3 Nge7 9. Nd6+ Kf8 10. Qf4 Nf5 11. Nxf5 exf5 12. Nxd4 Nxd4 13. Qxd4 Be6 14.
O-O-O g6 15. Kb1 Kg7 16. Be2 Qc7 17. Rd3 Qc4 18. Rhd1 Rac8 19. c3 b5 20. Bf3
Rhd8 21. Bxd5 Qxd5 22. Qxd5 Bxd5 23. Rxd5 Rxd5 24. Rxd5 a6 25. Rd6 Rc5 26. f4 a5
27. Rd7 Rc6 28. Rb7 Rc4 29. e6 Rxf4 30. e7 Re4 31. Kc2 Kf6 32. Kd3 Rxe7 33. Rxb5
Rd7+ 34. Ke3 Re7+ 35. Kf3 Ra7 36. c4 Rc7 37. Rxa5 Rxc4 38. Rb5 Rc2 39. a4 Ke6
40. a5 Kd6 41. a6 Rc1 42. Rb7 f6 43. b4 Ra1 44. b5 g5 45. a7 Ra3+ 46. Ke2 Ra2+
47. Kd3 f4 48. b6 g4 49. Rb8 Ra3+ 50. Ke4 Ra4+ 51. Kf5 f3 52. gxf3 gxf3 53. a8=Q
Rxa8 54. Rxa8 1-0

[Event "World Rapid Team 2023"]
[Site "Dusseldorf GER"]
[Date "2023.08.27"]
[Round "5.9"]
[Board "1"]
[White "So, Wesley"]
[Black "Anand, Viswanathan"]
[Result "1/2-1/2"]
[WhiteTitle "GM"]
[BlackTitle "GM"]
[WhiteElo "2769"]
[BlackElo "2754"]
[WhiteTeam "WR Chess"]
[BlackTeam "Freedom"]
[WhiteFideId "5202213"]
[BlackFideId "5000017"]
[EventDate "2023.08.26"]

1. e4 e5 2. Nf3 Nc6 3. Bc4 Bc5 4. O-O Nf6 5. d3 d6 6. a4 O-O 7. c3 a5 8. Be3
Bxe3 9. fxe3 Qe7 10. Nbd2 Be6 11. Qb3 Bxc4 12. Nxc4 b6 13. h3 Nd7 14. d4 exd4
15. exd4 Qxe4 16. Qb5 Ncb8 17. Rae1 Qc6 18. Re7 Qxb5 19. axb5 a4 20. Ng5 d5 21.
Ne3 Nf6 22. Rxc7 Ra5 23. Nf5 h6 24. Ne7+ Kh8 25. Ne6 Re8 26. Nxg7 Rxe7 27. Rxe7
Kxg7 28. Ra1 Rxb5 29. Rxa4 Rxb2 1/2-1/2